01443cam a22003254i 4500003000900000005001700009008004100026035001900067040003300086082001700119100004600136245007400182264004000256336002100296337002500317338002300342505065000365526000901015526000901024526000901033526000901042526000901051526000901060526000801069526000801077526000801085526000801093526000801101526000801109PE-LiUPU20250731184545.0150625s r 000 0 d a(Sirsi) a31064 aPE-LiUPUbspacPE-LiUPUerda04a909bIb12211 aIbarra y Rodriguez, Eduardo, dr.,eautor.10aHistoria del mundo en la edad moderna; la edad contemporánea .n11. 1aBarcelona :bRamón Sopena,c1955. atext2rdacontent aunmediated2rdamedia avolume2rdacarrier0 aLa Europa moderna. - La gran Bretaña. - La tercera república francesa. - El imperio Alemán. - Austria-Hungría. - Los países bajos. - Escandinavia. - La reacción y la revolución en Rusia. - Movimiento reformista en Rusia. - El extremo oriente. - La regeración del Japón. - La guerra ruso -Japonesa. - La península Ibérica I, II, III. - Literatura española en el siglo XIX y XX. - La unidad Italiana. - Imperio Otomano y la Península Balcánica. - Derecho internacional y prevención. - Movimiento social. - La era científica. - Exploraciones modernas. - Desenvolmiento de la ciencia histórica. - Últimos sucesos. aP136 aP135 aP134 aP133 aP144 aP143 aP87 aP35 aP20 aP14 aP10 aP06